Community, constitution, ethos: democratic values and citizenship in the face of globalization
Guardat en:
| Autor principal: | |
|---|---|
| Format: | Llibre |
| Idioma: | anglès |
| Publicat: |
Dublin
The Otior Press of the Mater Dei Institute
2008
|
| Matèries: | |
| Etiquetes: |
Afegir etiqueta
Sense etiquetes, Sigues el primer a etiquetar aquest registre!
|
MARC
| LEADER | 00000nam a2200000 a 4500 | ||
|---|---|---|---|
| 001 | UCI7603 | ||
| 003 | CL-VaPUC | ||
| 008 | 080710e20080000ie |||||||||||||||||eng|d | ||
| 082 | 0 | 4 | |a 321.8 |b CAS |2 21 |
| 100 | 0 | |a Cassidy, Eoin G |e author |9 530869 | |
| 245 | 1 | 0 | |a Community, constitution, ethos: democratic values and citizenship in the face of globalization |
| 300 | |a 146 p | ||
| 942 | |c BK | ||
| 945 | |d 20080710 00:00:00 |a jtorresc | ||
| 260 | |a Dublin |b The Otior Press of the Mater Dei Institute |c 2008 | ||
| 650 | 0 | |a Democracia |9 255256 | |
| 650 | 0 | |a Cultura y globalización |9 530870 | |
| 650 | 0 | |a Aspectos políticos |9 257400 | |
| 650 | 0 | |a Política y gobierno |9 255151 | |
| 583 | |a last modification |c 20171218 02:47:19 |k Rodrigo Vera | ||
| 999 | |c 330825 |d 330823 | ||
| 952 | |0 0 |1 0 |4 0 |6 321_800000000000000_CAS_2008 |7 0 |8 A |9 416665 |a BIBHIS |b BIBHIS |d 2019-11-22 |i 4456505 |o 321.8 CAS 2008 |p 4456505 |r 2025-01-20 |w 2019-11-22 |y BK |k HIS | ||